| 000 | 00943nam a2200217 a 4500 | ||
|---|---|---|---|
| 001 | 733982 | ||
| 003 | AM-YEHGA | ||
| 005 | 20250617160657.0 | ||
| 008 | 090917s1960 ai | |||||||||||||rus|d | ||
| 040 | _aAM-YeHGA | ||
| 041 | 0 | _arus | |
| 100 | 1 | _aКазарновский, Семен Николаевич | |
| 245 | 1 | 0 |
_aТехнологические схемы процессов основного органического синтеза / _cС. Н. Казарновский, В. Н. Козлов |
| 260 |
_aГорький : _bБ.и., _c. |
||
| 300 |
_a416 с. : _bрис. |
||
| 505 |
_gВып.3 (1960, 416 с., ил.) _tМетоды производства исходных продуктов высокомолекулярных соединений |
||
| 653 | 0 | _aСинтетические полимеры - Технологии получения | |
| 700 | 1 | _aКозлов, В.Н. | |
| 942 |
_2udc _cBK |
||
| 090 | _c461148 | ||
| 999 |
_c458095 _d458095 |
||